000 00907nam a2200229Ii 4500
003 JO-AjNU
008 230605s9999||||xx |||||||||||||| ||und||
017 _a2013/5/1629
020 _a978-9957-32-752-1
040 _aJO-AjNU
_bara
_erda
_cJO-AjNU
041 _aara
050 1 4 _aDR486 2014
100 3 _aتاليف احمد، مبدر محمد علي,
_eauthor
_960934
245 0 0 _aالدولة العثمانية في عهد السلطان احمد الثالث (1703-1730م)
250 _aالطبعة الاولى
264 3 1 _aعمان: دار الحامد للنشر والتوزيع، 2014
300 _a214ص
_b ويحتوي على ملاحق و قائمة مراجع من ص187ص- 214ص
336 _atext
_btxt
_2rdacontent
337 _aunmediated
_bn
_2rdamedia
338 _avolume
_bnc
_2rdacarrier
650 4 _aتاريخ العرب - الامبروطية العثمانية
_960935
999 _aA27513
_c31081
_d31081